000 00327nam a2200133Ia 4500
008 230917s9999||||xx |||||||||||||| ||und||
040 _e92854
_aMAIN
041 _aEnglish
082 _a617 D214R
100 _aDangi, Dewa Singh
245 0 _aRole of cryosurgery in management of haemorrhoids
300 _a66 p.
942 _cTH
999 _c72178
_d72178